000 nam a22 7a 4500
999 _c331410
_d331410
003 NUST
005 20170927102038.0
008 170927b xxu||||| |||| 00| 0 eng d
040 _c0
082 _a628 POL
245 _aPollution Prevention and In-Plant Control Measures in Textile Mills:
_bA guidebook for technical and operational staff
260 _aIslamabad
_bSDPI
_c1995
300 _a63p.
500 _aP.B
942 _2ddc
_cBK
_kIESE